|
|
|
|
| LEADER |
00000nam a2200000Ii 4500 |
| 001 |
DIGANT0275 |
| 003 |
NyNyDIG |
| 006 |
m o d |
| 007 |
cr ||||||||||| |
| 008 |
120901s2008 sp ob 000 0 spa d |
| 020 |
|
|
|z 9788476588529
|
| 020 |
|
|
|z 8476588526
|
| 035 |
|
|
|a (OCoLC)609029031
|
| 040 |
|
|
|a DGITA
|b eng
|e pn
|c DGITA
|
| 050 |
1 |
4 |
|a BD 450 eBook
|
| 245 |
0 |
0 |
|a Filosofía en un mundo global :
|b estereotipos, transacciones y rupturas /
|c eds., Ignacio Ayesterán, Xabier Insausti, Rafael Águila.
|
| 250 |
|
|
|a 1a. ed.
|
| 264 |
|
1 |
|a Rubí, Barcelona :
|b Anthropos Editorial,
|c 2008.
|
| 300 |
|
|
|a 1 online resource (204 pages)
|
| 336 |
|
|
|a text
|b txt
|2 rdacontent
|
| 337 |
|
|
|a computer
|b c
|2 rdamedia
|
| 338 |
|
|
|a online resource
|b cr
|2 rdacarrier
|
| 490 |
1 |
|
|a Cuadernos A. Temas de innovación social ;
|v 28
|
| 500 |
|
|
|a Collected essays.
|
| 504 |
|
|
|a Includes bibliographical references (p. 115-121).
|
| 650 |
|
0 |
|a Philosophy, Modern
|y 21st century.
|
| 650 |
|
0 |
|a Globalization
|x Economic aspects.
|
| 650 |
|
0 |
|a Globalization
|x Social aspects.
|
| 655 |
|
0 |
|a Electronic books.
|
| 700 |
1 |
|
|a Ayesterán, Ignacio.
|
| 700 |
1 |
|
|a Insausti, Xabier.
|
| 700 |
1 |
|
|a Aguila, Rafael.
|
| 791 |
2 |
|
|a Digitalia (Firm),
|e distributor.
|
| 830 |
|
0 |
|a Cuadernos A.
|p Temas de innovación social ;
|v 28.
|
| 793 |
0 |
|
|g Digitalia eBook Collection:
|a Anthropos
|
| 856 |
4 |
0 |
|3 Digitalia Hispánica
|u https://www.digitaliapublishing.com/a/15578/
|
| 910 |
|
|
|a Premium Collection: 2007-2012
|